| 000 | 00591nam a2200193 i 4500 | ||
|---|---|---|---|
| 001 | 42135 | ||
| 003 | ES-MaACL | ||
| 005 | 20251005063038.0 | ||
| 007 | t| | ||
| 008 | 030312s1959 sp ||||1| spa d | ||
| 100 | 1 |
_aCastelo Branco, Camilo, _d1825-1890 _936559 |
|
| 245 | 1 | 3 |
_aLa caída de un ángel / _cCamilo Castello Branco. |
| 260 |
_aBarcelona : _bMaucci, _c[1959] |
||
| 300 |
_a214 p. ; _c17 cm. |
||
| 490 | 1 | _aColección Clásicos del Siglo XIX | |
| 830 | 0 |
_aColección Clásicos del Siglo XIX _9181240 |
|
| 852 |
_aES-MaACL _jC-16839 _bR.44925 |
||
| 999 |
_c42135 _d42135 |
||